[Event "Suwalki Warakomska Memorial 6th"]
[Site "Suwalki"]
[Date "2022.08.05"]
[Round "3"]
[White "Paszkowski, Krystian"]
[Black "Michelle, Catherina P"]
[Result "0-1"]
[WhiteElo "1988"]
[BlackElo "2140"]
[PlyCount "44"]
[EventDate "2022.08.03"]
[EventType "swiss"]
[EventRounds "9"]
[EventCountry "POL"]
[SourceTitle "CBM 209 Extra"]
[Source "ChessBase"]
[SourceDate "2022.09.30"]
[SourceVersion "1"]
[SourceVersionDate "2022.09.30"]
[SourceQuality "1"]

1. d4 Nf6 2. Nf3 d5 3. c4 e6 4. e3 c5 5. cxd5 Nxd5 6. e4 Nb6 7. Nc3 cxd4 8. Nxd4 Bb4 9. Be3 0-0 10. Qb3 Bc5 11. Rd1 Qf6 12. Qb5 N6d7 13. Be2 Nc6 14. Nxc6 Bxe3 15. 0-0 bxc6 16. Qxc6 Rb8 17. fxe3 Qg5 18. Rxd7 Qxe3+ 19. Rf2 Bxd7 20. Qxd7 Rxb2 21. Qc7 Rc2 22. Nd5 Qc1+ 0-1

[Event "Rubinstein Memorial op-A 57th"]
[Site "Polanica Zdroj"]
[Date "2021.08.18"]
[Round "5"]
[White "Paszkowski, Krystian"]
[Black "Bartel, Michal"]
[Result "1/2-1/2"]
[WhiteElo "1812"]
[BlackElo "2246"]
[PlyCount "79"]
[EventDate "2021.08.14"]
[EventType "swiss"]
[EventRounds "9"]
[EventCountry "POL"]
[SourceTitle "CBM 203 Extra"]
[Source "ChessBase"]
[SourceDate "2021.09.30"]
[SourceVersion "1"]
[SourceVersionDate "2021.09.30"]
[SourceQuality "1"]

1. e4 e5 2. Nf3 Nc6 3. Bc4 Nf6 4. d3 h6 5. c3 d6 6. Nbd2 g6 7. 0-0 Bg7 8. Re1 0-0 9. a4 Kh7 10. Nf1 Ng8 11. d4 Nge7 12. dxe5 Nxe5 13. Nxe5 Bxe5 14. Bd3 Bg7 15. Ng3 d5 16. exd5 Nxd5 17. Nh5 Re8 18. Rxe8 Qxe8 19. Qd2 Qf8 20. Nxg7 Qxg7 21. Bxg6+ Qxg6 22. Qxd5 Bf5 23. g3 Be4 24. Qe5 Bc6 25. Be3 Re8 26. Qxc7 Re4 27. Re1 Qf5 28. Qd6 Re6 29. Qf4 Qxf4 30. gxf4 Bf3 31. Bd2 Rd6 32. Bc1 Rg6+ 33. Kf1 Rg2 34. Re3 Bc6 35. Rh3 Rg6 36. Rg3 Rd6 37. Ke1 Bxa4 38. Bd2 Bb3 39. f5 Bc2 40. Be3 1/2-1/2

[Event "POL-ch U14"]
[Site "Uniejow"]
[Date "2021.07.23"]
[Round "7"]
[White "Kejna, Piotr"]
[Black "Paszkowski, Krystian"]
[Result "0-1"]
[WhiteElo "1682"]
[BlackElo "1782"]
[PlyCount "78"]
[EventDate "2021.07.18"]
[EventType "swiss"]
[EventRounds "9"]
[EventCountry "POL"]
[SourceTitle "EXT 2022"]
[Source "ChessBase"]
[SourceDate "2021.10.06"]
[SourceVersion "1"]
[SourceVersionDate "2021.10.06"]
[SourceQuality "1"]

1. e4 c5 2. Nf3 Nc6 3. d4 cxd4 4. Nxd4 e5 5. Nb5 d6 6. N1c3 a6 7. Na3 Be6 8. Nc4 Rb8 9. Ne3 Nf6 10. g3 g6 11. Bg2 Bh6 12. Ned5 Bxc1 13. Nxf6+ Qxf6 14. Rxc1 Nd4 15. 0-0 b5 16. b3 Rc8 17. Ne2 Nf3+ 18. Kh1 h5 19. Ng1 Nxg1 20. Kxg1 Qe7 21. f4 Qa7+ 22. Kh1 Qc5 23. h4 Bg4 24. Qd2 Qd4 25. Qa5 Rc6 26. c3 Qe3 27. fxe5 Qxg3 28. exd6 Rxd6 29. c4 Qxh4+ 30. Kg1 Qd8 31. Qc3 0-0 32. c5 Rd3 33. Qe1 Bh3 34. Rf3 Qg5 35. Rxh3 Rxh3 36. c6 Rg3 37. Rc2 h4 38. Kh2 Qe5 39. Qc1 Rc8 0-1

[Event "POL-ch U14"]
[Site "Uniejow"]
[Date "2021.07.20"]
[Round "3"]
[White "Zieba, Hubert"]
[Black "Paszkowski, Krystian"]
[Result "0-1"]
[WhiteElo "1417"]
[BlackElo "1782"]
[PlyCount "84"]
[EventDate "2021.07.18"]
[EventType "swiss"]
[EventRounds "9"]
[EventCountry "POL"]
[SourceTitle "EXT 2022"]
[Source "ChessBase"]
[SourceDate "2021.10.06"]
[SourceVersion "1"]
[SourceVersionDate "2021.10.06"]
[SourceQuality "1"]

1. c4 e5 2. Nc3 d6 3. g3 g6 4. Bg2 Bg7 5. e3 f5 6. d4 e4 7. f3 exf3 8. Nxf3 Nf6 9. 0-0 0-0 10. Qc2 Re8 11. Bd2 c6 12. Rae1 Na6 13. a3 Ne4 14. Bc1 c5 15. Nd5 Be6 16. Nf4 Bf7 17. d5 g5 18. Nd3 b5 19. Nd2 Bg6 20. cxb5 Nc7 21. Nxe4 fxe4 22. Nf2 Qe7 23. Qc4 Rab8 24. a4 a6 25. b6 Rxb6 26. Bd2 Rxb2 27. Bc3 Bxc3 28. Qxc3 Qg7 29. Qa5 Rb4 30. Ng4 Kh8 31. Rb1 Rxb1 32. Rxb1 Nxd5 33. Qxa6 Qd7 34. Rd1 Nb4 35. Qe2 Qg7 36. Rxd6 Nd3 37. Nf2 Qa1+ 38. Qf1 Qe5 39. Rd7 Rf8 40. Qb1 Nxf2 41. Qb7 Qa1+ 42. Bf1 Nh3+ 0-1

[Event "POL-chT U20"]
[Site "Lublin"]
[Date "2021.06.26"]
[Round "1.3"]
[White "Madej, Marek"]
[Black "Paszkowski, Krystian"]
[Result "1-0"]
[WhiteElo "1805"]
[BlackElo "1782"]
[PlyCount "87"]
[EventDate "2021.06.26"]
[EventType "team-tourn"]
[EventRounds "9"]
[EventCountry "POL"]
[SourceTitle "CBM 203 Extra"]
[Source "ChessBase"]
[SourceDate "2021.09.30"]
[SourceVersion "1"]
[SourceVersionDate "2021.09.30"]
[SourceQuality "1"]
[WhiteTeam "Wroclaw Polonia"]
[BlackTeam "Bialystok MUKS Stoczek 45"]
[WhiteTeamCountry "POL"]
[BlackTeamCountry "POL"]

1. e4 c5 2. Nf3 e6 3. d4 cxd4 4. Nxd4 a6 5. c4 Nf6 6. Nc3 Qc7 7. Qd3 Bb4 8. Be2 0-0 9. 0-0 Nc6 10. Bg5 Be7 11. Bh4 d6 12. Rac1 Nxd4 13. Qxd4 Bd7 14. Rfd1 Rfd8 15. Kh1 Be8 16. b4 Rac8 17. f4 Qb8 18. a4 Bc6 19. b5 Be8 20. b6 Bc6 21. Bf3 Kf8 22. f5 e5 23. Qf2 Re8 24. Rd2 Ng8 25. Bxe7+ Kxe7 26. Rcd1 Rcd8 27. g4 h6 28. h4 Nf6 29. c5 g5 30. cxd6+ Kd7 31. Qc5 Rc8 32. Qc4 Rf8 33. Kg2 gxh4 34. Qc5 Rfe8 35. Qc4 Rf8 36. Qc5 Rfe8 37. Qe3 Rg8 38. Kh3 Rg5 39. Qc5 Bd5 40. Qc7+ Rxc7 41. dxc7 Qg8 42. Nxd5 Nxd5 43. Rxd5+ Kc6 44. Rd8 1-0

[Event "Bialystok Zamenhof Memorial 38th"]
[Site "Bialystok"]
[Date "2019.12.30"]
[Round "8"]
[White "Zaura, Vidmantas"]
[Black "Paszkowski, Krystian"]
[Result "1-0"]
[WhiteElo "2141"]
[BlackElo "1950"]
[PlyCount "119"]
[EventDate "2019.12.27"]
[EventType "swiss"]
[EventRounds "9"]
[EventCountry "POL"]
[SourceTitle "CBM 194 Extra"]
[Source "ChessBase"]
[SourceDate "2020.03.31"]
[SourceVersion "1"]
[SourceVersionDate "2020.03.31"]
[SourceQuality "1"]

1. Nf3 c5 2. c4 g6 3. g3 Bg7 4. Nc3 Nc6 5. Bg2 d6 6. 0-0 e6 7. a3 Nge7 8. Rb1 b6 9. b4 Bb7 10. Na4 Qd7 11. Bb2 0-0 12. Bxg7 Kxg7 13. e3 cxb4 14. axb4 Ne5 15. Nxe5 dxe5 16. Bxb7 Qxb7 17. f4 e4 18. Qc2 Rfd8 19. Nc3 f5 20. Ne2 Kf7 21. b5 Rd3 22. Nd4 Rd8 23. Rb3 R8xd4 24. exd4 Rxd4 25. Rc3 Qd7 26. Rf2 Qd6 27. Qa2 Qc5 28. Qa3 Qc7 29. Kf1 Qd7 30. Ke1 Ng8 31. Qa2 Nf6 32. Ra3 a5 33. bxa6 e3 34. Rxe3 Qc6 35. a7 Qa8 36. c5 Nd5 37. Rb3 Rc4 38. cxb6 Rc1+ 39. Ke2 Nxb6 40. Rff3 Qe4+ 41. Rbe3 Qc6 42. Qxe6+ Qxe6 43. Rxe6 Kxe6 44. Rb3 Ra1 45. Rxb6+ Kd5 46. Rb7 h5 47. Ke3 Ra3+ 48. d3 Ra4 49. Rg7 Ra3 50. Rxg6 Rxa7 51. Rf6 Re7+ 52. Kf3 Kd4 53. Rxf5 h4 54. Re5 Ra7 55. Re8 Kxd3 56. Rd8+ Kc4 57. Kg4 Rg7+ 58. Kxh4 Rh7+ 59. Kg5 Rxh2 60. f5 1-0

[Event "Bialystok Zamenhof Memorial 38th"]
[Site "Bialystok"]
[Date "2019.12.29"]
[Round "6"]
[White "Kiolbasa, Oliwia"]
[Black "Paszkowski, Krystian"]
[Result "1/2-1/2"]
[WhiteElo "2208"]
[BlackElo "1950"]
[PlyCount "149"]
[EventDate "2019.12.27"]
[EventType "swiss"]
[EventRounds "9"]
[EventCountry "POL"]
[SourceTitle "CBM 194 Extra"]
[Source "ChessBase"]
[SourceDate "2020.03.31"]
[SourceVersion "1"]
[SourceVersionDate "2020.03.31"]
[SourceQuality "1"]

1. d4 Nf6 2. c4 e6 3. Nf3 b6 4. g3 Bb7 5. Bg2 Bb4+ 6. Bd2 Bxd2+ 7. Qxd2 0-0 8. Nc3 Ne4 9. Nxe4 Bxe4 10. 0-0 d6 11. Rfe1 Nd7 12. Bf1 Qf6 13. Qc3 Rae8 14. Nd2 Bb7 15. e4 e5 16. d5 Qe7 17. b4 f5 18. exf5 Rxf5 19. Ne4 Nf6 20. Bg2 Nxe4 21. Bxe4 Rf6 22. Qc2 g5 23. a4 Qf7 24. a5 Rf8 25. Rf1 Bc8 26. axb6 axb6 27. Ra8 Qh5 28. c5 bxc5 29. bxc5 Bh3 30. Rxf8+ Rxf8 31. Ra1 Rf7 32. Ra7 Bg4 33. Qb3 Kg7 34. cxd6 cxd6 35. Rxf7+ Qxf7 36. Qb6 Qe7 37. f3 Bh5 38. Kf2 g4 39. fxg4 Bxg4 40. Kg2 Qd7 41. Qe3 Qe7 42. Bxh7 Kxh7 43. Qe4+ Kh8 44. Qxg4 Qc7 45. Qe4 Qb6 46. h4 Qb2+ 47. Kh3 Qc1 48. h5 Qg5 49. Qg4 Qf6 50. Qe6 Qg5 51. Qg4 Qf6 52. Qe6 Qg5 53. g4 Qd8 54. Qh6+ Kg8 55. Qg6+ Kh8 56. Qh6+ Kg8 57. g5 Qb6 58. g6 Qb3+ 59. Kg4 Qc4+ 60. Kf5 Qc8+ 61. Kf6 Qd8+ 62. Ke6 Qe8+ 63. Kxd6 Qd8+ 64. Kc6 Qc8+ 65. Kb5 Qb7+ 66. Kc4 Qa6+ 67. Kc3 Qa5+ 68. Kc2 Qa4+ 69. Kd2 Qd4+ 70. Ke2 Qg4+ 71. Kf2 Qh4+ 72. Kg2 Qg4+ 73. Kf2 Qh4+ 74. Kg2 Qg4+ 75. Kf2 1/2-1/2

[Event "Bialystok Zamenhof Memorial 38th"]
[Site "Bialystok"]
[Date "2019.12.28"]
[Round "3"]
[White "Flak, Pawel"]
[Black "Paszkowski, Krystian"]
[Result "1-0"]
[WhiteElo "2180"]
[BlackElo "1950"]
[PlyCount "155"]
[EventDate "2019.12.27"]
[EventType "swiss"]
[EventRounds "9"]
[EventCountry "POL"]
[SourceTitle "CBM 194 Extra"]
[Source "ChessBase"]
[SourceDate "2020.03.31"]
[SourceVersion "1"]
[SourceVersionDate "2020.03.31"]
[SourceQuality "1"]

1. d4 Nf6 2. c4 e6 3. Nf3 b6 4. g3 Bb7 5. Bg2 Bb4+ 6. Bd2 Bxd2+ 7. Nbxd2 0-0 8. 0-0 d6 9. Qc2 c5 10. e4 cxd4 11. Nxd4 Nc6 12. Nxc6 Bxc6 13. Rfe1 Rc8 14. Qd3 Qe7 15. Nb3 e5 16. Nd2 a5 17. Nf1 Rfd8 18. Ne3 Qb7 19. Nd5 Bxd5 20. cxd5 Rc5 21. Bh3 Qc7 22. Qe3 h6 23. Rab1 Ra8 24. a3 a4 25. Bf1 Raa5 26. Bd3 Qc8 27. Rbc1 Ra7 28. Rxc5 bxc5 29. Re2 Qh3 30. f3 Rb7 31. Bc4 Rb6 32. Qc1 h5 33. Rf2 Qc8 34. Qc2 Qa8 35. Kg2 Qa5 36. Qe2 Qa7 37. Qd2 Qb7 38. h3 h4 39. g4 Nh7 40. Kf1 g5 41. Ke1 f6 42. Kd1 Nf8 43. Kc1 Qa7 44. Kb1 Ng6 45. Ka1 Nh8 46. Rh2 Nf7 47. Be2 Nd8 48. Bd1 Nb7 49. Qc2 Ra6 50. Be2 Rb6 51. Bd1 Ra6 52. Qc4 Ra5 53. Rd2 Qa6 54. Rc2 Qb6 55. Rd2 Qa6 56. Rc2 Qb6 57. Rc1 Qa7 58. Bc2 Kg7 59. Bd1 Kf7 60. Ka2 Ke7 61. Qd3 c4 62. Qxc4 Nc5 63. Rc3 Ra6 64. Qe2 Kf7 65. Rc4 Rb6 66. Rb4 Qb7 67. Qc4 Rxb4 68. axb4 Na6 69. Ka3 Nb8 70. Bxa4 Nd7 71. Qc6 Qxc6 72. dxc6 Nb6 73. c7 f5 74. Bd7 fxe4 75. fxe4 d5 76. c8Q Nxc8 77. Bxc8 dxe4 78. Kb3 1-0

[Event "Bialystok Zamenhof Memorial 38th"]
[Site "Bialystok"]
[Date "2019.12.27"]
[Round "1"]
[White "Kumala, Aleksander"]
[Black "Paszkowski, Krystian"]
[Result "1/2-1/2"]
[WhiteElo "2218"]
[BlackElo "1950"]
[PlyCount "84"]
[EventDate "2019.12.27"]
[EventType "swiss"]
[EventRounds "9"]
[EventCountry "POL"]
[SourceTitle "CBM 194 Extra"]
[Source "ChessBase"]
[SourceDate "2020.03.31"]
[SourceVersion "1"]
[SourceVersionDate "2020.03.31"]
[SourceQuality "1"]

1. d4 Nf6 2. Bg5 e6 3. Nd2 Be7 4. c3 b6 5. e4 Bb7 6. Bd3 d6 7. Ngf3 Nbd7 8. a4 a6 9. 0-0 h6 10. Bh4 Nh5 11. Bxe7 Qxe7 12. Re1 Nf4 13. Bf1 g5 14. d5 e5 15. Nc4 Nf6 16. Nfd2 g4 17. Ne3 Bc8 18. a5 h5 19. axb6 cxb6 20. Qa4+ b5 21. Bxb5+ Kf8 22. Bf1 h4 23. Qc6 Rb8 24. Bxa6 Bd7 25. Qc7 Rxb2 26. Bc8 Rxd2 27. Ra7 g3 28. fxg3 hxg3 29. hxg3 Nxe4 30. Qxd7 Qxd7 31. Bxd7 Nxg3 32. Ra8+ Kg7 33. Rxh8 Kxh8 34. c4 Nd3 35. Rd1 Rxd1+ 36. Nxd1 f5 37. Nc3 e4 38. Bxf5 Nxf5 39. Nxe4 Nc5 40. Nxd6 Nxd6 41. g4 Kg7 42. g5 Nxc4 1/2-1/2

[Event "Bialystok Zamenhof Memorial-C 35th"]
[Site "Bialystok"]
[Date "2017.12.31"]
[Round "9.28"]
[White "Zarebska, Lena"]
[Black "Paszkowski, Krystian"]
[Result "1-0"]
[WhiteElo "1541"]
[BlackElo "1511"]
[PlyCount "91"]
[EventDate "2017.12.27"]
[EventType "swiss"]
[EventRounds "9"]
[EventCountry "POL"]
[SourceTitle "EXT 2023"]
[Source "ChessBase"]
[SourceDate "2022.10.05"]
[SourceVersion "1"]
[SourceVersionDate "2022.10.05"]
[SourceQuality "1"]

1. e4 e6 2. d3 c5 3. g3 Nc6 4. Bg2 g6 5. Ne2 Bg7 6. 0-0 Nge7 7. Nbc3 0-0 8. Be3 Nd4 9. f4 d6 10. Qd2 Nec6 11. Nd1 Nxe2+ 12. Qxe2 Qc7 13. c3 Rb8 14. Bd2 b5 15. Ne3 b4 16. Rab1 Ba6 17. Ng4 h5 18. Nf2 bxc3 19. bxc3 Rxb1 20. Rxb1 Rb8 21. Qd1 Rb6 22. h3 Rxb1 23. Qxb1 e5 24. f5 Ne7 25. g4 Bb7 26. Qd1 hxg4 27. hxg4 d5 28. Qf3 dxe4 29. Nxe4 gxf5 30. gxf5 Bxe4 31. Qxe4 Qb6 32. Qa8+ Kh7 33. Be4 f6 34. Qe8 c4+ 35. Kf1 Qd6 36. Qh5+ Kg8 37. Ke2 cxd3+ 38. Bxd3 Qc5 39. Qe8+ Kh7 40. Be3 Qc7 41. Qf7 Qb7 42. Qh5+ Kg8 43. Bc4+ Nd5 44. Qh1 Qb2+ 45. Bd2 Kf8 46. Qxd5 1-0